1849 1815 1731 1508 1381 1791 1662 1841 1117 1775 1520 1111 1177 1347 1562 1680 1078 1177 1335 1560 1702 1978 1583 1576 1934 1594 1486 1607 1312 1051 1503 1283 1226 1391 1146 1277 1302 1210 1073 1585 1136 1460 1885 1285 1020 1069 1068 1104 1814 1856 1447 1808 1388 1633 1805 1468 1397 1563 1996 1479 1185 1538 1902 1548 1139 1676 1537 1334 1501 1387 1185 1247 1784 1866 1659 1794 1893 1097 1976 1510 1049 1700 1668 1512 1001 1475 1754 1771 1533 1316 1980 1035 1441 1666 1779 1531 1360 1415 1265 BCNSPRNW ULIB Ver.6.0+V

เปลี่ยนเป็นภาษาไทย

Change to English
 แสดงรายละเอียดบรรณานุกรม
  กลับหน้าหลัก

Brief Record : Get Marc (ISO 2709) : E-mail record : QR code < ปิดหน้าต่าง
LEADER : 00000nam 2200000uu 4500
001    13399127657
003     ULIB
008    210315s2563||||th 000 0 tha d
020    ^a9786164434141
060    ^aWY152.5^bม647
100    ^aสุวรรณี สิริเลิศตระกูล,^eบรรณาธิการ
245    ^aมาตรฐานการปฏิบัติการพยาบาลคลินิก : การดูแลผู้ป่วยคาสายสวนหลอดเลือดดำส่วนกลาง =^bStandard of clinical nursing practice : central venous access devices care /^cบรรณาธิการโดย สุวรรณี สิริเลิศตระกูล, วัลลภัทร์ จันทร์ขจร.
250    ^aพิมพ์ครั้งที่ 1
260    ^aกรุงเทพฯ :^bองค์กรการบริหารการพยาบาล คณะแพทยศาสตร์โรงพยาบาลรามาธิบดี มหาวิทยาลัยมหิดล,^c2563
300    ^a99 หน้า^bภาพประกอบ
650    ^aการใช้สายสวนหลอดเลือดดำส่วนกลาง -- การพยาบาล
650    ^aการใช้สายสวนหลอดเลือดดำส่วนกลาง -- วิธีการ
650    ^aการปฏิบัติการพยาบาลคลินิก^xมาตรฐาน
650    ^aผู้ป่วยคาสายสวนหลอดเลือดดำส่วนกลาง^xการดูแล
700    ^aวัลลภัทร์ จันทร์ขจร,^eบรรณาธิการ
710    ^aมหาวิทยาลัยมหิดล.^bคณะแพทยศาสตร์โรงพยาบาลรามาธิบดี.
945    ^p400^l0^i28716
945    ^p400^l0^i28717
945    ^p400^l0^i28718
945    ^p400^l0^i28719
945    ^p400^l0^i28720
945    ^p400^l0^i28721
945    ^p400^l0^i28722
945    ^p400^l0^i28723
945    ^p400^l0^i28724
945    ^p400^l0^i28725
999    ^aกัณชพร จุลอักษร
รายการนี้ยังไม่มีแท็ก
คุณยังไม่ได้ล็อกอิน คุณสามารถมีกิจกรรมร่วมกับเว็บไซต์ได้ แต่ต้องล็อกอินก่อน ::
  ล็อกอิน

รายการสื่อสารสนเทศ

ลำดับที่ ประเภท เลขเรียก/บาร์โค้ด สถานที่ สถานะ
1. หนังสือสำรอง
หนังสือสำรอง
WY152.5 ม647 ฉ.1 
  Barcode: 28716
ห้องสมุดวิทยาเขตนครสวรรค์
►หนังสือทั่วไป:l:General Books
บนชั้น
2. วิทยาศาสตร์การแพทย์ และสุขภาพ
วิทยาศาสตร์การแพทย์ และสุขภาพ
WY152.5 ม647 ฉ.10 
  Barcode: 28725
ห้องสมุดวิทยาเขตนครสวรรค์
►หนังสือทั่วไป:l:General Books
บนชั้น
3. วิทยาศาสตร์การแพทย์ และสุขภาพ
วิทยาศาสตร์การแพทย์ และสุขภาพ
WY152.5 ม647 ฉ.2 
  Barcode: 28717
ห้องสมุดวิทยาเขตนครสวรรค์
►หนังสือทั่วไป:l:General Books
บนชั้น
4. วิทยาศาสตร์การแพทย์ และสุขภาพ
วิทยาศาสตร์การแพทย์ และสุขภาพ
WY152.5 ม647 ฉ.3 
  Barcode: 28718
ห้องสมุดวิทยาเขตนครสวรรค์
►หนังสือทั่วไป:l:General Books
บนชั้น
5. วิทยาศาสตร์การแพทย์ และสุขภาพ
วิทยาศาสตร์การแพทย์ และสุขภาพ
WY152.5 ม647 ฉ.4 
  Barcode: 28719
ห้องสมุดวิทยาเขตนครสวรรค์
►หนังสือทั่วไป:l:General Books
บนชั้น
6. วิทยาศาสตร์การแพทย์ และสุขภาพ
วิทยาศาสตร์การแพทย์ และสุขภาพ
WY152.5 ม647 ฉ.5 
  Barcode: 28720
ห้องสมุดวิทยาเขตนครสวรรค์
►หนังสือทั่วไป:l:General Books
บนชั้น
7. วิทยาศาสตร์การแพทย์ และสุขภาพ
วิทยาศาสตร์การแพทย์ และสุขภาพ
WY152.5 ม647 ฉ.6 
  Barcode: 28721
ห้องสมุดวิทยาเขตนครสวรรค์
►หนังสือทั่วไป:l:General Books
บนชั้น
8. วิทยาศาสตร์การแพทย์ และสุขภาพ
วิทยาศาสตร์การแพทย์ และสุขภาพ
WY152.5 ม647 ฉ.7 
  Barcode: 28722
ห้องสมุดวิทยาเขตนครสวรรค์
►หนังสือทั่วไป:l:General Books
บนชั้น
9. วิทยาศาสตร์การแพทย์ และสุขภาพ
วิทยาศาสตร์การแพทย์ และสุขภาพ
WY152.5 ม647 ฉ.8 
  Barcode: 28723
ห้องสมุดวิทยาเขตนครสวรรค์
►หนังสือทั่วไป:l:General Books
บนชั้น
10. วิทยาศาสตร์การแพทย์ และสุขภาพ
วิทยาศาสตร์การแพทย์ และสุขภาพ
WY152.5 ม647 ฉ.9 
  Barcode: 28724
ห้องสมุดวิทยาเขตนครสวรรค์
►หนังสือทั่วไป:l:General Books
บนชั้น

รายการใกล้เคียง
    หัวเรื่อง [การใช้สายสวนหลอดเลือดดำส่วนกลาง -- การพยาบาล]
    หัวเรื่อง [การใช้สายสวนหลอดเลือดดำส่วนกลาง -- วิธีการ]

BibComment


ยังไม่เคยถูกคอมเมนท์

คอมเมนท์ทรัพยากรรายการนี้
  คอมเมนท์: มาตรฐานการปฏิบัต..


 Copyright 2026. Bcnsprnw @Library